000 00676nam a22002057a 4500
005 20151023120807.0
010 _aENG-114007
020 _c895.00
_a0199453292
020 _c895.00
_a9780199453290
035 _aEN-97539
037 _bDBAD/PUB
_adpl
082 _a323.0954
100 _aDas, S.K.
245 _aMaking the poor free? :
_cby S.K. Das
_bIndia 's unique identification number /
260 _aNew Delhi
_bOxford University Press
_c2015
270 _aYMCA Library Building, 1, Jai Singh Road,
_bNew Delhi
_e110001
300 _axx,330p.
_c23cm(Hb)
500 _aIncludes bibliographical references and index
942 _2ddc
_cEN
_mDAS
_h323.0954
999 _c96673
_d96673